[Event "ch-NR"]
[Site "Novosibirsk RUS"]
[Date "2001.11.20"]
[Round "8"]
[White "Grachev,J"]
[Black "Akselrod,V"]
[Result "0-1"]
[WhiteElo "2374"]
[BlackElo "2408"]

1.e4 e6 2.d4 d5 3.Nd2 Be7 4.Bd3 Nc6 5.Ngf3 Nb4 6.Be2 c5 7.c3 Nc6 8.dxc5 Bxc5
9.Nb3 Bb6 10.exd5 Qxd5 11.Qxd5 exd5 12.Bf4 Nge7 13.Rd1 O-O 14.O-O Re8 15.Rfe1 Be6
16.Nfd4 Nxd4 17.Nxd4 Nc6 18.Nxe6 fxe6 19.Bf3 Kf7 20.Re2 Kf6 21.h4 h6 22.c4 e5
23.Rde1 Ba5 24.Bd2 Bxd2 25.Rxd2 d4 26.Be4 g5 27.hxg5+ hxg5 28.Rd3 g4 29.Rb3 Na5
30.Rb4 Rac8 31.Bd5 b6 32.Ra4 Re7 33.Kf1 Nc6 34.Ke2 a5 35.Bxc6 Rxc6 36.Kd3 Rh7
37.b4 axb4 38.Rxb4 Rh2 39.Rg1 Kf5 40.Rb2 Rh8 41.Re1 Ra8 42.Ree2 Ra4 43.Rb5 Rc5
44.Rxb6 Raxc4 45.Reb2 e4+ 46.Kd2 g3 47.fxg3 e3+ 48.Kd3 Ke5 49.Rb8 Rc3+ 50.Ke2 Rc8
51.Kf3 Rxb8 52.Rxb8 Rc2 53.Rb5+ Kd6 54.Ke4 e2 55.Rb1 Rd2 56.Re1 d3 57.Ke3 Rd1
58.Kf2 Kd5  0-1

[Event "FSGMA December"]
[Site "Budapest HUN"]
[Date "2001.12.02"]
[Round "2"]
[White "Czebe,A"]
[Black "Varga,Zo"]
[Result "1/2-1/2"]
[WhiteElo "2491"]
[BlackElo "2506"]

1.e4 e6 2.d4 d5 3.Nd2 a6 4.Ngf3 c5 5.exd5 exd5 6.Be2 Nc6 7.dxc5 Bxc5 8.O-O Nge7
9.Nb3 Bd6 10.Bg5 O-O 11.Qd2 Qc7 12.Bh4 Nf5 13.Bg3 Nxg3 14.hxg3 Be6 15.Nbd4 h6
16.Rfe1 Rfe8 17.c3 Ne5 18.Nxe5 Bxe5 19.a4 Rad8 20.Bd3 Bd7 21.Nf3 Bf6 22.Qf4 Rxe1+
23.Nxe1 Qb6 24.Qd2 d4 25.c4 a5 26.Be4 Be6 27.Rc1 Bg5 28.f4 Be7 29.Nd3 Bd7
30.Qc2 Re8 31.c5 Qc7 32.c6 Bxc6 33.Bxc6 bxc6 34.Qxc6 Qxc6 35.Rxc6 Bf6 36.Rc2 Re3
37.Rd2 Rxg3 38.b4 axb4 39.a5 Bd8 40.a6 Bb6 41.Kf2 Re3 42.Nxb4 Ra3 43.Ra2 d3+
44.Ke1 Rb3 45.Nd5 Ba7 46.Kd2 Kf8 47.Nc3 Ke7 48.Kxd3 Kd7 49.Kc4 Rb8 50.Nb5 Rc8+
51.Kb4 Bc5+ 52.Kb3 Kc6 53.a7 Ra8 54.Kc4 Bb6  1/2-1/2

[Event "TSGM December"]
[Site "Belgrade YUG"]
[Date "2001.12.19"]
[Round "5"]
[White "Bakre,T"]
[Black "Maksimovic,B"]
[Result "1/2-1/2"]
[WhiteElo "2446"]
[BlackElo "2432"]

1.e4 e6 2.d4 d5 3.Nd2 Be7 4.Bd3 c5 5.dxc5 Nf6 6.Ngf3 dxe4 7.Nxe4 Nxe4 8.Bxe4 Qxd1+
9.Kxd1 Bxc5 10.Be3 Bxe3 11.fxe3 Nd7 12.Nd4 Ke7 13.Bf3 Nc5 14.Nb3 Na4 15.Kc1 a5
16.Rd1 Ra7 17.Rd4 Bd7 18.c3 Rc8 19.Kc2 Nb6 20.Rad1 e5 21.Rd6 Bf5+ 22.Kc1 Nc4
23.R6d5 f6 24.Re1 a4 25.Nd2 Nd6 26.a3 b5 27.Rd1 b4 28.axb4 a3 29.Ra5 Rxa5
30.bxa5 Nc4 31.bxa3 Nxe3 32.Re1 Rxc3+ 33.Kb2 Rc2+ 34.Ka1 Rxd2 35.Rxe3 Bd3
36.Bb7 Kd6 37.Rg3 g5 38.Rg4 e4 39.a6 e3 40.Rd4+ Kc7 41.Bf3 Bxa6 42.Rxd2 exd2
43.Kb2 Bb7 44.Kc2 Bxf3 45.gxf3 f5 46.Kxd2 Kc6 47.Ke3 Kc5 48.f4 h6 49.Kf3 Kc4
50.a4 Kb4 51.Kg3 Kxa4 52.fxg5 hxg5 53.h4 gxh4+ 54.Kxh4  1/2-1/2

[Event "Christmas Open"]
[Site "Zadar CRO"]
[Date "2001.12.19"]
[Round "5"]
[White "Filipovic,Br"]
[Black "Levacic,P"]
[Result "1-0"]
[WhiteElo "2462"]
[BlackElo "2329"]

1.e4 e6 2.d4 d5 3.Nd2 a6 4.Ngf3 c5 5.exd5 exd5 6.c4 Nf6 7.cxd5 cxd4 8.Bd3 Qe7+
9.Kf1 Nxd5 10.Qb3 Be6 11.Bc4 Nb4 12.Nxd4 Bxc4+ 13.Nxc4 Qe4 14.Bg5 Qd3+ 15.Qxd3 Nxd3
16.Rd1 f6 17.Rxd3 fxg5 18.Ne6 Kf7 19.Nxg5+ Kg6 20.Rd8 Kxg5 21.Nb6 Bc5 22.Rd5+ Kg6
23.Nxa8 Rc8 24.Ke2 Re8+ 25.Kd3 Bxf2 26.Rf1 Ba7 27.Rd6+ Kh5 28.Rf5+ g5 29.Rf7 Bc5
30.Rxh7+ Kg4 31.Rd5 Bg1 32.h3+ Kg3 33.Rxg5+ Kf2 34.Rf7+ Ke1 35.Nc7 Re3+ 36.Kc2 Nc6
37.a3 Nd4+ 38.Kb1 Rd3 39.Re5+  1-0

[Event "TSGM December"]
[Site "Belgrade YUG"]
[Date "2001.12.21"]
[Round "7"]
[White "Marinkovic,Sl"]
[Black "Antic,D"]
[Result "1/2-1/2"]
[WhiteElo "2452"]
[BlackElo "2464"]

1.e4 e6 2.d4 d5 3.Nd2 Be7 4.Bd3 c5 5.dxc5 Nf6 6.Qe2 Nc6 7.c3 d4 8.Ngf3 dxc3
9.bxc3 Nd7 10.Nb3 Nxc5 11.Nxc5 Bxc5 12.e5 b6 13.O-O Bb7 14.Bf4 h6 15.Rad1 Qc7
16.Be4 Ne7 17.Nd2 Ng6 18.Be3 Bxe3 19.Qxe3 O-O 20.Bxb7 Qxb7 21.Ne4 Qa6 22.f4 Qxa2
23.Nd6 Qa3 24.f5 exf5 25.Rxf5 Qc5 26.Rd4 Ne7 27.Rf3 Nc6 28.Nf5 Qxe5 29.Rg4 Qxe3+
30.Rxe3 g6 31.Nxh6+ Kg7 32.Nf5+ Kf6 33.Nd6 Rad8 34.Rf3+ Ke6 35.Nc4 Rd5 36.Re3+ Kd7
37.h3 Re8 38.Rf3 Re7 39.Rf6 b5 40.Na3 a6 41.Nc2 Rd6 42.Rgf4 Rxf6 43.Rxf6 a5
44.Na3 b4 45.cxb4 axb4 46.Nc4 Re1+ 47.Kh2 Rc1 48.Rxf7+ Ke6 49.Rf4 b3 50.Rg4 Kd5
51.Nb2 Rb1 52.Na4 Ra1 53.Nc3+ Kc5 54.Ne4+ Kb5 55.Rg5+ Kb4 56.Nc5 Ra5 57.Nd3+ Kc3
58.Rxa5 Nxa5 59.Nc5 Kd4 60.Nxb3+ Nxb3 61.Kg3 Ke5 62.Kg4 Kf6 63.h4 Nd4 64.h5 g5
65.h6 Nf5 66.h7 Nh6+ 67.Kh5 Nf7 68.g4 Kg7 69.h8=Q+ Kxh8 70.Kg6 Kg8 71.Kh5 Kf8
72.Kg6 Ke7 73.Kf5 Kd7 74.Kf6 Ke8  1/2-1/2

[Event "TSGM December"]
[Site "Belgrade YUG"]
[Date "2001.12.23"]
[Round "9"]
[White "Weinzettl,E"]
[Black "Maksimovic,B"]
[Result "1-0"]
[WhiteElo "2415"]
[BlackElo "2432"]

1.e4 e6 2.d4 d5 3.Nd2 Be7 4.c3 c5 5.exd5 exd5 6.Ngf3 Nc6 7.dxc5 Bxc5 8.Nb3 Bd6
9.Bg5 Nge7 10.Be2 O-O 11.O-O Re8 12.Bh4 Qb6 13.Bg3 Bxg3 14.hxg3 Nf5 15.Nfd4 Nfxd4
16.cxd4 Bf5 17.Rc1 Rac8 18.Rc5 Nxd4 19.Qxd4 Rxc5 20.Nxc5 Rxe2 21.Qxd5 g6
22.b3 Rc2 23.Nxb7 Rxa2 24.Nd6 Be6 25.Qa8+ Kg7 26.Ne8+ Kh6 27.Qe4 Qd8 28.Qf4+ g5
29.Qe5 Qxe8 30.Qf6+ Kh5 31.f3 Qd7 32.g4+ Bxg4 33.fxg4+ Qxg4 34.Qxf7+ Kh4
35.Qxh7+ Kg3 36.Qh2+  1-0

[Event "22nd Open"]
[Site "Bethune FRA"]
[Date "2001.12.26"]
[Round "2"]
[White "Mancini,M"]
[Black "Friess,N"]
[Result "1-0"]
[WhiteElo "2291"]
[BlackElo "2055"]

1.e4 e6 2.d4 d5 3.Nd2 a6 4.Ngf3 Nf6 5.Bd3 c5 6.exd5 exd5 7.O-O c4 8.Re1+ Be7
9.Bf1 Nc6 10.c3 O-O 11.b3 b5 12.Ne5 Bb7 13.g3 Re8 14.Bg2 Bd6 15.Nxc6 Bxc6
16.bxc4 Rxe1+ 17.Qxe1 Qd7 18.c5 Bc7 19.Nf1 Re8 20.Ne3 h6 21.f3 Re7 22.Bd2 Qe8
23.Qf2 Ba5 24.Re1 Qd7 25.Qf1 Bc7 26.Bh3 Qe8 27.Nf5 Rxe1 28.Qxe1 Qxe1+ 29.Bxe1 Kf8
30.Ne3 g6 31.Bd2 Kg7 32.Kf2 Ne8 33.Nc2 a5 34.Bf1 Bd8 35.Na3 Nc7 36.Bf4 b4
37.cxb4 axb4 38.Nc2 Ne6 39.Bd2 Ba5 40.Ke3 f5 41.Nxb4  1-0

[Event "22nd Open"]
[Site "Bethune FRA"]
[Date "2001.12.28"]
[Round "5"]
[White "Lucas,J"]
[Black "Marechal,A"]
[Result "0-1"]
[WhiteElo "2061"]
[BlackElo "2336"]

1.e4 e6 2.d4 d5 3.Nd2 Nc6 4.c3 e5 5.exd5 Qxd5 6.Ngf3 exd4 7.Bc4 Qh5 8.cxd4 Be6
9.Bxe6 fxe6 10.Qb3 O-O-O 11.Qxe6+ Kb8 12.O-O Nf6 13.Nb3 Bd6 14.Qc4 Rhf8 15.Be3 Ng4
16.Rfd1 Bxh2+ 17.Nxh2 Qxh2+ 18.Kf1 Nxe3+  0-1

[Event "Christmas Open"]
[Site "Zurich SUI"]
[Date "2001.12.29"]
[Round "6"]
[White "Kveinys,A"]
[Black "Pelletier,Y"]
[Result "0-1"]
[WhiteElo "2547"]
[BlackElo "2545"]

1.e4 e6 2.d4 d5 3.Nd2 Be7 4.Bd3 c5 5.dxc5 Nf6 6.Qe2 Nc6 7.Ngf3 a5 8.O-O O-O
9.e5 Nd7 10.Nb3 a4 11.Nbd4 Ndxe5 12.Nxe5 Nxd4 13.Qh5 f5 14.Re1 Bxc5 15.Bg5 Qc7
16.Re3 Nc6 17.Nxc6 bxc6 18.Rh3 g6 19.Bf4 Bxf2+ 20.Kf1 Qa7 21.Qh6 Bg1 22.Qh4 Bd4
23.Re1 Bf6 24.Qg3 e5 25.Rxe5 Bxe5 26.Bxe5 f4 27.Qg5 Bf5 28.Rh6 Bxd3+ 29.cxd3 Qf7
30.Rh3 Qf5 31.Qe7 Rf7 32.Qd6 Re8 33.d4 Qb1+ 34.Kf2 Qxb2+ 35.Kf3 Qc2 36.Qb4 Qe4+  0-1

[Event "TCh-NOR Qualifier"]
[Site "NOR"]
[Date "2001.??.??"]
[Round "3"]
[White "Lie,K"]
[Black "Djurhuus,R"]
[Result "0-1"]
[WhiteElo "2388"]
[BlackElo "2469"]

1.e4 e6 2.d4 d5 3.Nd2 Be7 4.Ngf3 Nf6 5.Bd3 b6 6.e5 Nfd7 7.Qe2 c5 8.c3 a5
9.h4 cxd4 10.Nxd4 Nc5 11.Bc2 Ba6 12.Qg4 Bf8 13.Rh3 Qc7 14.f4 Nc6 15.N2b3 h5
16.Qd1 Nxb3 17.axb3 Nxd4 18.Qxd4 Bc5 19.Qa4+ b5 20.Qa2 Qb6 21.Bd2 Bf2+ 22.Ke2 b4+
23.Bd3 Bxd3+ 24.Rxd3 O-O 25.cxb4 axb4 26.Qxa8 Rxa8 27.Rxa8+ Kh7 28.g3 Bg1
29.Be1 Qc6 30.Ra4 d4 31.Rxb4 Qg2+ 32.Kd1 Qf1 33.Rdxd4 Qf3+ 34.Kc2 Bxd4 35.Rxd4 Qe3
36.Rd1 Qe2+ 37.Kc1 Kg6 38.b4 Kf5 39.Bd2 Kg4 40.Re1 Qc4+ 41.Kd1 Qb3+ 42.Kc1 Qxg3
43.b5 Qf2 44.Re3 Qf1+ 45.Re1 Qc4+ 46.Kb1 Kxh4 47.b6 Qd5 48.Be3 Kg3 49.Kc2 h4
50.Re2 Kf3 51.Re1 h3 52.Bg1 Kg2  0-1

[Event "TCh-NOR Qualifier"]
[Site "NOR"]
[Date "2001.??.??"]
[Round "3"]
[White "Heim,S"]
[Black "Solem,T"]
[Result "1/2-1/2"]
[WhiteElo "2383"]
[BlackElo "2185"]

1.e4 e6 2.d4 d5 3.Nd2 a6 4.Ngf3 c5 5.exd5 exd5 6.dxc5 Bxc5 7.Nb3 Bb6 8.Qe2+ Ne7
9.Be3 Nbc6 10.O-O-O O-O 11.Bxb6 Qxb6 12.Nfd4 Nf5 13.Qd2 Nd6 14.Nxc6 bxc6
15.Qd4 Qc7 16.Bd3 a5 17.Nc5 a4 18.Nxa4 Be6 19.a3 Nb7 20.Nc3 Rfd8 21.Qh4 h6
22.f4 Nc5 23.Qf2 Qa7 24.Rd2 Rdb8 25.Nb1 Qb6 26.b4 Nxd3+ 27.cxd3 d4 28.f5 Bd5
29.Rc2 Rxa3 30.Nxa3 Qxb4 31.Qg3 Qxa3+ 32.Kd2 Re8 33.f6 Qb4+ 34.Kd1 Qb1+ 35.Kd2 Qb4+
36.Kd1 Qb1+ 37.Kd2 Re2+ 38.Kxe2 Qxc2+ 39.Ke1 Qc1+ 40.Ke2 Qc2+ 41.Ke1 Qc1+
42.Ke2 Qb2+ 43.Ke1 g5 44.Rf1 Bxg2 45.Rf2 Qc1+  1/2-1/2

[Event "Troll Masters"]
[Site "Gausdal NOR"]
[Date "2002.01.09"]
[Round "7"]
[White "Womacka,M"]
[Black "Djurhuus,R"]
[Result "0-1"]
[WhiteElo "2499"]
[BlackElo "2469"]

1.e4 e6 2.d4 d5 3.Nd2 Be7 4.Bd3 c5 5.dxc5 Nf6 6.Qe2 O-O 7.Ngf3 a5 8.O-O Na6
9.exd5 exd5 10.Nb3 a4 11.Nbd4 Nxc5 12.Bb5 Nfe4 13.a3 Bg4 14.h3 Bh5 15.Nf5 Bf6
16.Rd1 Ra5 17.Ne3 Bxf3 18.gxf3 Nd6 19.Bd3 Re8 20.Qf1 d4 21.Ng4 h5 22.Nh2 Nxd3
23.cxd3 Nf5 24.Bd2 Rb5 25.Rab1 Nh4 26.Re1 Rxe1  0-1

[Event "Troll Masters"]
[Site "Gausdal NOR"]
[Date "2002.01.11"]
[Round "9"]
[White "Womacka,M"]
[Black "Reefat,S"]
[Result "1-0"]
[WhiteElo "2499"]
[BlackElo "2450"]

1.e4 e6 2.d4 d5 3.Nd2 Be7 4.Bd3 c5 5.dxc5 Nf6 6.Qe2 O-O 7.Ngf3 a5 8.O-O Na6
9.exd5 exd5 10.Bb5 Nxc5 11.Rd1 Qc7 12.Nf1 a4 13.a3 h6 14.h3 Bf5 15.Nd4 Bg6
16.Bf4 Qxf4 17.Qxe7 Rac8 18.f3 Rc7 19.Qe3 Qd6 20.Qf2 Qb6 21.c3 Re7 22.Ne3 Rxe3
23.Qxe3 Nb3 24.Qf2 Nxa1 25.Rxa1 Ra8 26.Re1 Ra5 27.Bf1 Nd7 28.Re8+ Kh7 29.Qe2 Nf6
30.Re7 Nh5 31.Kh2 Ra8 32.g4 Nf6 33.Kg2 Rc8 34.Qb5 Qd6 35.Re1 h5 36.Qb4 Qb8
37.Nb5 hxg4 38.hxg4 Re8 39.Rxe8 Qxe8 40.Qxa4 Qe1 41.Qf4 Ne4 42.fxe4 Bxe4+
43.Kg1 Bd3 44.Nd4  1-0

[Event "TCh-CZE 2001-2"]
[Site "CZE"]
[Date "2002.01.12"]
[Round "6"]
[White "Krupkova,P"]
[Black "Jurek,J"]
[Result "1/2-1/2"]
[WhiteElo "2295"]
[BlackElo "2370"]

1.e4 e6 2.d4 d5 3.Nd2 Be7 4.exd5 exd5 5.Ngf3 Nf6 6.Bd3 Bg4 7.O-O Bh5 8.c3 Bg6
9.Bxg6 hxg6 10.Qb3 b6 11.Ne5 c6 12.Ndf3 O-O 13.Bg5 Ne4 14.Bxe7 Qxe7 15.Rfe1 Qd6
16.Re2 Nd7 17.Nxd7 Qxd7 18.Ne5 Qd6 19.Rae1 b5 20.a4 a6 21.f3 Nf6 22.Nd3 Rfe8
23.a5 Rxe2 24.Rxe2 Re8 25.Qd1 Qd8 26.b4 Nd7 27.Rxe8+ Qxe8 28.Kf2 Qe7 29.g3 Qg5
30.Qe2 Kf8 31.Qe3 Qxe3+ 32.Kxe3 f6 33.h4  1/2-1/2

[Event "TCh-ISR"]
[Site "ISR"]
[Date "2002.01.18"]
[Round "2"]
[White "Tseitlin,Ma"]
[Black "Kagan,Y"]
[Result "1-0"]
[WhiteElo "2486"]
[BlackElo "2328"]

1.e4 e6 2.d4 d5 3.Nd2 Nc6 4.Ngf3 Nf6 5.e5 Nd7 6.Bb5 Be7 7.O-O O-O 8.Re1 Re8
9.Nf1 a6 10.Bd3 Nb4 11.Be2 c5 12.c3 Nc6 13.Bd3 cxd4 14.cxd4 Nf8 15.Ng3 Bd7
16.Nh5 Rc8 17.a3 Ng6 18.h4 Na5 19.b4 Nc4 20.Ng5 Bxg5 21.Bxg5  1-0

[Event "18th Open"]
[Site "Skopje MKD"]
[Date "2002.01.20"]
[Round "6"]
[White "Graf,A"]
[Black "Efimov,I"]
[Result "1-0"]
[WhiteElo "2605"]
[BlackElo "2444"]

1.d4 e6 2.e4 d5 3.Nd2 Be7 4.Ngf3 Nf6 5.e5 Nfd7 6.Bd3 c5 7.c3 Nc6 8.O-O Rb8
9.Qe2 cxd4 10.cxd4 Nb4 11.Bb1 b6 12.Rd1 Ba6 13.Qe3 Rc8 14.Ne1 Bg5 15.f4 Bxf4
16.Qxf4 Be2 17.a3 Bxd1 18.axb4 Rxc1 19.Ne4 dxe4 20.Qxc1 Bh5 21.Bxe4 O-O 22.Qe3 Qc7
23.Rc1 Qd8 24.Nd3 Bg6 25.Bxg6 hxg6 26.b5 Nb8 27.Nf2 Qd5 28.Ne4 Qxb5 29.Ng5 Qxb2
30.Rf1 Rc8 31.Qf4 Rc7 32.d5 f6 33.exf6  1-0

[Event "Cup"]
[Site "Kali HUN"]
[Date "2002.01.23"]
[Round "8"]
[White "Bodo,N"]
[Black "Horvath,Im"]
[Result "1/2-1/2"]
[WhiteElo "2339"]
[BlackElo "2284"]

1.e4 e6 2.d4 d5 3.Nd2 Nc6 4.Ngf3 Nf6 5.e5 Nd7 6.c3 Be7 7.Bd3 f6 8.exf6 Bxf6
9.O-O e5 10.c4 O-O 11.cxd5 Nxd4 12.Ne4 Nb6 13.Nxd4 exd4 14.Qc2 Nxd5 15.Nxf6+ Nxf6
16.Bf4 c6 17.Be5 Kh8 18.Qc4 Qd5 19.Qxd4 Qxd4 20.Bxd4 Be6 21.Rfe1 Rfe8 22.Bf1 b6
23.Ba6 Rad8 24.Be3 Kg8 25.h3 h6 26.a3 Nd5 27.Rac1 Nxe3 28.Rxe3 Bd5 29.Rxe8+ Rxe8
30.Bd3  1/2-1/2

[Event "TCh-ISR"]
[Site "ISR"]
[Date "2002.01.26"]
[Round "3"]
[White "Liss,E"]
[Black "Botvinnik,Il"]
[Result "1-0"]
[WhiteElo "2501"]
[BlackElo "2443"]

1.e4 e6 2.d4 d5 3.Nd2 Be7 4.Bd3 Nc6 5.Ngf3 Nb4 6.Be2 dxe4 7.Nxe4 Nf6 8.Nxf6+ Bxf6
9.c3 Nd5 10.Qc2 Qe7 11.a3 c5 12.c4 Nb6 13.dxc5 Qxc5 14.Be3 Qc7 15.Rc1 Bd7
16.O-O O-O 17.Rfd1 g6 18.b3 Rfd8 19.a4 Be8 20.Nd4 a6 21.Bf3 Nd7 22.b4 Ne5
23.Be2 b6 24.b5 axb5 25.axb5 Rdc8 26.f4 Nd7 27.Nb3 Ra3 28.Rd3 Rca8 29.Bf3 Rb8
30.Bc6 Bg7 31.Qf2 Nf6 32.Bxe8 Nxe8 33.c5 bxc5 34.Bxc5 Ra4 35.b6 Qc6  1-0

[Event "Rapid"]
[Site "Aubervilliers FRA"]
[Date "2002.01.27"]
[Round "8"]
[White "Akopian,V"]
[Black "Pelletier,Y"]
[Result "1/2-1/2"]
[WhiteElo "2680"]
[BlackElo "2549"]

1.d4 e6 2.e4 d5 3.Nd2 Be7 4.e5 c5 5.Qg4 Kf8 6.dxc5 Nc6 7.Ndf3 f6 8.Qg3 fxe5
9.Nxe5 Nxe5 10.Qxe5 Bxc5 11.Nf3 Nf6 12.Bd3 Bxf2+ 13.Kd1 Bc5 14.Rf1 Bd6 15.Qe2 Qc7
16.Nd4 e5 17.Nb5 Qe7 18.Bf5 h6 19.g4 a6 20.Nc3 Bxf5 21.Rxf5 Qe6 22.Qf3 Kg8
23.g5 e4 24.Qf1 hxg5 25.Bxg5 Be5 26.h4 d4 27.Bxf6 Bxf6 28.Nd5 Rxh4 29.Nc7 Qc6
30.Nxa8 e3 31.Qe2 Rh1+ 32.Rf1 d3 33.cxd3 Bxb2 34.Rxh1 Qxh1+ 35.Kc2 Qxa1 36.Qxe3 Be5
37.d4 Qxa2+ 38.Kc1 Qc4+ 39.Kb1 Bd6 40.Qe8+ Bf8 41.Qd8 Qb5+ 42.Kc2 Qc4+ 43.Kd2 Qb4+
44.Kc2 Qd6 45.Qc8 Qc6+ 46.Qxc6 bxc6 47.Nc7 Kf7 48.Nxa6 Ke6 49.Nc7+ Kd6 50.Na6 Kd5
51.Nc7+ Kd6 52.Na6 g5 53.Kd3 Bg7 54.Nc5 Kd5 55.Ne4 Bxd4 56.Nxg5 c5 57.Nf3 c4+
58.Kc2 Be3 59.Nd2  1/2-1/2

[Event "Kaissa Open"]
[Site "Kharkov UKR"]
[Date "2002.01.28"]
[Round "7"]
[White "Gasanov,E"]
[Black "Karas,B"]
[Result "1-0"]
[WhiteElo "2454"]
[BlackElo "2265"]

1.e4 e6 2.d4 d5 3.Nd2 Nc6 4.Ngf3 Nf6 5.e5 Nd7 6.Bb5 Ncb8 7.O-O b6 8.Qe2 a5
9.Bd3 Ba6 10.c4 c6 11.Re1 Be7 12.Nf1 dxc4 13.Bxc4 Bxc4 14.Qxc4 b5 15.Qc2 Nb6
16.Ng3 Qd5 17.Nh5 g6 18.Nf4 Qd7 19.Nd3 h6 20.Be3 Na6 21.a3 Kf8 22.Rac1 Rc8
23.Qd2 Kg7 24.Qxa5 Nc4 25.Qc3 Nxe3 26.fxe3 c5 27.Qd2 cxd4 28.exd4 b4 29.axb4 Qb5
30.Rf1 Nxb4 31.Nxb4 Qxb4 32.Qf2 Rxc1 33.Rxc1 Rb8 34.Rc7 Rb7 35.Rxb7 Qxb7
36.Qc2 Qd7 37.b3 g5 38.h3 h5 39.Qd3 Qc6 40.Qe3 Kg6 41.Qd3+ Kg7 42.Qe3 Kg6
43.Kh2 h4 44.Qd3+ Kg7 45.Qe3 Kg6 46.Nd2 Qc1 47.Qe4+ Kg7 48.Nf3 Kh6 49.Qe1 Qc6
50.Qe3 Kg6 51.Qd3+ Kh6 52.Qe3 Kg6 53.Kg1 Qc2 54.Nd2 Qc1+ 55.Kh2 Kg7 56.Ne4 Qc2
57.Kg1 Kg6 58.Kh2 Qc6 59.Qf3 Qd5 60.Nd6 Bxd6 61.Qf6+ Kh7 62.Qxf7+ Kh6 63.Qf6+ Kh7
64.exd6 Qxd6+ 65.Qe5 Qxe5+ 66.dxe5 Kg6 67.g4  1-0

[Event "90th LSK Metalka Trgovina"]
[Site "Ljubljana SLO"]
[Date "2002.01.31"]
[Round "11"]
[White "Nisipeanu,LD"]
[Black "Soln,P"]
[Result "1-0"]
[WhiteElo "2608"]
[BlackElo "2412"]

1.e4 e6 2.d4 d5 3.Nd2 Nc6 4.Ngf3 Nf6 5.e5 Nd7 6.Bd3 Nb4 7.Be2 c5 8.c3 Nc6
9.O-O cxd4 10.cxd4 Qb6 11.Nb3 a5 12.a4 Nb4 13.Bb5 Be7 14.Bg5 Qd8 15.Bxe7 Qxe7
16.Nc5 O-O 17.Nd3 Nb6 18.Nxb4 Qxb4 19.Ra3 Qe7 20.Rb3 Bd7 21.Bxd7 Nxd7 22.Rxb7 Rab8
23.Ra7 Qd8 24.b3 Rb4 25.Qc2 Nb8 26.Rc1 h6 27.h4 Qb6 28.Qc7 Rxb3 29.Rxa5 Qb4
30.Rcc5 Qa3 31.Ra7 Rb1+ 32.Kh2 Qd3 33.Qe7 g6 34.Rc8  1-0

[Event "TCh-FRA Nat 1"]
[Site "Monaco FRA"]
[Date "2002.02.01"]
[Round "1"]
[White "Mullon,J"]
[Black "Beikert,G"]
[Result "1-0"]
[WhiteElo "2296"]
[BlackElo "2438"]

1.e4 e6 2.d4 d5 3.Nd2 Be7 4.Bd3 c5 5.dxc5 Nf6 6.Qe2 O-O 7.Ngf3 Nc6 8.c3 Bxc5
9.O-O dxe4 10.Nxe4 Nxe4 11.Qxe4 f5 12.Qe2 Bd6 13.Rd1 Qc7 14.Kh1 Ne5 15.Bf4 Nxf3
16.Bxd6 Qxd6 17.Qxf3 Qc7 18.Bb5 Qb6 19.Qe2 f4 20.f3 e5 21.Qxe5 Bf5 22.Rd6 Qf2
23.Qe2 Qxe2 24.Bxe2 g5 25.Kg1 Kg7 26.Kf2 Rad8 27.Rad1 Rxd6 28.Rxd6 Rf6 29.Rd5 Rf8
30.a4 Kf6 31.a5 Re8 32.Bd3 Bxd3 33.Rxd3 Re5 34.Rd6+ Kf5 35.a6 bxa6 36.Rxa6 Re7
37.Ra5+ Kf6 38.Ra6+ Kf5 39.g4+ fxg3+ 40.hxg3 Rb7 41.g4+ Ke5 42.Ke3 Rxb2 43.Rxa7 Rh2
44.Ra5+ Kf6 45.c4 h5 46.Ra6+ Kf7 47.Ke4 hxg4 48.fxg4 Rf2 49.c5 Ke7 50.Kd5 Rd2+
51.Ke5 Rc2 52.Ra7+ Kd8 53.Rg7 Rc4 54.Rxg5 Rxc5+ 55.Kf6 Rc4 56.Rd5+ Ke8 57.g5 Rc8
58.Kg7  1-0

[Event "10th Open"]
[Site "Valle d'Aosta ITA"]
[Date "2002.02.09"]
[Round "1"]
[White "Dervishi,E"]
[Black "Cazzaniga,W"]
[Result "1-0"]
[WhiteElo "2525"]
[BlackElo "2128"]

1.e4 e6 2.d4 d5 3.Nd2 Nc6 4.Ngf3 Nf6 5.e5 Nd7 6.Bd3 Nb4 7.Be2 c5 8.c3 Nc6
9.O-O f6 10.exf6 Qxf6 11.dxc5 Bxc5 12.c4 O-O 13.cxd5 exd5 14.Nb3 d4 15.Ng5 Bb6
16.Bc4+ Kh8 17.Nxh7  1-0

[Event "10th Open"]
[Site "Valle d'Aosta ITA"]
[Date "2002.02.10"]
[Round "2"]
[White "Tiviakov,S"]
[Black "Zhukova,N"]
[Result "1-0"]
[WhiteElo "2614"]
[BlackElo "2441"]

1.e4 e6 2.d4 d5 3.Nd2 a6 4.Ngf3 Nf6 5.Bd3 c5 6.exd5 exd5 7.dxc5 Bxc5 8.Nb3 Qe7+
9.Qe2 Qxe2+ 10.Kxe2 Bb6 11.Re1 O-O 12.Kf1 Nc6 13.Be3 Bxe3 14.Rxe3 Ng4 15.Ree1 f6
16.Be2 Nge5 17.Nfd4 g5 18.Rad1 Ne7 19.Nc5 b6 20.Nce6 Bxe6 21.Nxe6 Rfc8 22.c3 Kf7
23.Nd4 Rd8 24.Bh5+ N7g6 25.g3 Kg8 26.Ne6 Rd7 27.f4 gxf4 28.gxf4 Re7 29.fxe5 Rxe6
30.Bf3 Ne7 31.Rxd5 fxe5 32.Rdxe5 Rxe5 33.Rxe5 Rf8 34.Ke2 Ng6 35.Rg5 Kg7 36.Bb7 a5
37.Rb5 Rf6 38.Ke3 Nf8 39.Bc8 Rh6 40.h3 Kf7 41.Bg4 Ke7 42.Rd5 Rf6 43.Kd3 Rf2
44.Rb5 Rf6 45.a3 Nd7 46.Rd5 Rd6 47.Kc4 Nf6 48.Rxd6 Kxd6 49.Kb5 Kc7 50.Bf5 h6
51.c4 Ne8 52.c5 bxc5 53.Kxc5 Nd6 54.Bd3  1-0

[Event "XVIII Open"]
[Site "Cappelle la Grande FRA"]
[Date "2002.02.13"]
[Round "5"]
[White "Kurnosov,I"]
[Black "Lalic,B"]
[Result "1/2-1/2"]
[WhiteElo "2419"]
[BlackElo "2523"]

1.e4 e6 2.d4 d5 3.Nd2 Be7 4.Bd3 c5 5.dxc5 Nf6 6.Qe2 Nc6 7.Ngf3 a5 8.O-O O-O
9.a3 Nd7 10.Nb3 a4 11.Nbd4 Nxd4 12.Nxd4 Nxc5 13.e5 Bd7 14.Be3 Nxd3 15.cxd3 Qa5
16.Rac1 Rfc8 17.f4 b5 18.Qd2 b4 19.Rxc8+ Rxc8 20.Nc2 Rb8 21.Rc1 h6 22.Bd4 Qb5
23.axb4 Bxb4 24.Nxb4 Qxb4 25.Qe3 Rc8 26.Rc3 Rxc3 27.Bxc3 Qb3 28.Qd2 Bb5 29.h3 d4
30.Bxd4 Qxd3 31.Qxd3  1/2-1/2

[Event "75th KSU"]
[Site "Copenhagen DEN"]
[Date "2002.02.13"]
[Round "5"]
[White "Brinck Claussen,B"]
[Black "Kristensen,Bj"]
[Result "1/2-1/2"]
[WhiteElo "2359"]
[BlackElo "2406"]

1.e4 e6 2.d4 d5 3.Nd2 Be7 4.Bd3 c5 5.dxc5 Nf6 6.exd5 Qxd5 7.Ngf3 Qxc5 8.O-O Nbd7
9.Nb3 Qc7 10.Bg5 a6 11.Re1 Nf8 12.Bh4 Ng6 13.Bg3 Qb6 14.Nfd2 O-O 15.Nc4 Qa7
16.a4 Bd7 17.Ne5 Be8 18.c3 Rd8 19.Qf3 Rd5 20.Bc4 Rd8 21.Bd3 Bd6 22.Bxg6 hxg6
23.Na5 Nd5 24.c4 Bb4 25.cxd5 Bxe1 26.Rxe1 Rxd5 27.Nac4 Bxa4 28.Qa3 Bb5 29.h4 Qd4
30.b3 Qc5 31.Qb2 Rfd8 32.Qe2 Be8 33.Nf3 a5 34.Ng5 a4 35.bxa4 b5 36.Nd6 bxa4
37.Nb7 Qb4 38.Nxd8 Rxd8 39.Rd1 Qe7 40.Rxd8 Qxd8 41.Ne4 Qd4 42.Nd6 Bc6 43.Qc4 Qxc4
44.Nxc4 f6 45.Bd6 e5 46.f3 Kf7 47.Kf2 Ke6 48.Bf8 Kf7 49.Ba3 Bd5 50.Nd6+ Ke6
51.g3 Bc6 52.Ke3 Kd5 53.f4 exf4+ 54.gxf4 Bd7 55.Kd3 Bc6 56.Ne4 Bb5+ 57.Ke3 Bc6
58.Bf8 Ke6 59.Ng3 Kf7 60.Ba3 Ke6 61.Kd4 Bb5 62.Ke3 Bd7 63.Kf3 Bb5 64.Kg4 Bd7
65.Nf1 Kd5+ 66.Kf3 Bc6 67.Bf8 Ke6+ 68.Kg3 Bd5 69.Ne3 Bb3 70.Kf2 Kf7 71.Ba3 Ke6
72.Ke2 Kf7 73.Kd3 Ke6 74.Ke4 Ba2 75.Kd4 Bb1 76.Kc5 Ba2 77.Kc6 Bb3 78.Kc7 Ba2
79.Kd8 Kf7 80.Kd7 Be6+ 81.Kd6 Bb3 82.Ng2 g5 83.hxg5  1/2-1/2

[Event "It"]
[Site "Morso DEN"]
[Date "2002.02.13"]
[Round "5"]
[White "Prusikhin,M"]
[Black "Rustemov,A"]
[Result "0-1"]
[WhiteElo "2519"]
[BlackElo "2607"]

1.e4 e6 2.d4 d5 3.Nd2 Nc6 4.Ngf3 Nf6 5.e5 Nd7 6.Be2 b6 7.O-O Bb7 8.Re1 Be7
9.Nf1 Na5 10.c3 c5 11.Bd3 Nc6 12.a3 c4 13.Bb1 b5 14.b4 cxb3 15.Qxb3 a6 16.Qd1 Nb6
17.N3d2 h5 18.Re3 Kd7 19.Ng3 h4 20.Nh5 g6 21.Nf4 Rc8 22.a4 Nxa4 23.c4 g5
24.Ne2 dxc4 25.d5 exd5 26.Nxc4 Kc7 27.Nb2 d4 28.Rd3 Nc5 29.Rd2 Qd5 30.Ba2 Qxe5
31.Nd3 Qe4 32.f3 Qf5  0-1

[Event "XVIII Open"]
[Site "Cappelle la Grande FRA"]
[Date "2002.02.15"]
[Round "7"]
[White "Rozentalis,E"]
[Black "Legky,N"]
[Result "1-0"]
[WhiteElo "2598"]
[BlackElo "2485"]

1.e4 e6 2.d4 d5 3.Nd2 a6 4.Ngf3 Nf6 5.e5 Nfd7 6.Bd3 c5 7.c3 Nc6 8.a3 Qb6
9.O-O cxd4 10.cxd4 Nxd4 11.Nxd4 Qxd4 12.Nf3 Qb6 13.Qa4 Qc6 14.Qg4 Qc7 15.Bf4 Nb8
16.Rfc1 Nc6 17.b4 g6 18.Rab1 Bg7 19.a4 Qb8 20.b5 axb5 21.axb5 Ne7 22.Bg5 Bd7
23.Qb4 Nf5 24.g4 Bf8 25.Qf4 Ra3 26.gxf5 Rxd3 27.fxe6 Bxe6 28.b6 h6 29.Bf6 g5
30.Qa4+ Bd7 31.Ra1 Qd8 32.Qd1 Bc8  1-0

[Event "10th Open"]
[Site "Valle d'Aosta ITA"]
[Date "2002.02.16"]
[Round "8"]
[White "Tiviakov,S"]
[Black "Rogers,I"]
[Result "1-0"]
[WhiteElo "2614"]
[BlackElo "2555"]

1.e4 e6 2.d4 d5 3.Nd2 Nc6 4.Ngf3 Nf6 5.e5 Nd7 6.Nb3 a5 7.a4 Be7 8.Bb5 Ncb8
9.O-O b6 10.Qe2 O-O 11.Bd2 c6 12.Bd3 Ba6 13.Bxa6 Nxa6 14.Rfc1 Ndb8 15.Ne1 c5
16.dxc5 Bxc5 17.Nxc5 Nxc5 18.Ra3 f5 19.exf6 Qxf6 20.Rf3 Qe7 21.Rxf8+ Qxf8
22.Nd3 Nbd7 23.b3 Qf5 24.Nxc5 Nxc5 25.Qb5 Ne4 26.Be3 Rb8 27.c4 Qe5 28.cxd5 Nc3
29.Qc4 Nxd5 30.Bd4 Qe4 31.f3 Qg6 32.Be5 Re8 33.Re1 h6 34.h3 Kh7 35.Kh2 Re7
36.Re4 Qf5 37.Qc6 Qg5 38.Bd6 Rf7 39.Rxe6 Qf5 40.Bg3 Rf6 41.Rxf6 gxf6 42.Qe8 h5
43.Qf7+ Kh8 44.h4 Nc3 45.Qf8+ Kh7 46.Qe7+ Kg6 47.Qd8 Nd5 48.Qg8+ Kh6 49.Bd6  1-0

[Event "ch-Serbia"]
[Site "Leskovac YUG"]
[Date "2002.02.17"]
[Round "3"]
[White "Savicevic,V"]
[Black "Antic,D"]
[Result "1/2-1/2"]
[WhiteElo "2411"]
[BlackElo "2470"]

1.e4 e6 2.d4 d5 3.Nd2 Be7 4.Bd3 c5 5.dxc5 Nf6 6.Qe2 Nc6 7.Ngf3 Nb4 8.O-O O-O
9.Nb3 a5 10.exd5 Nxd3 11.Qxd3 Nxd5 12.Rd1 a4 13.Nbd4 Bxc5 14.c4 Nf6 15.Qe2 Qb6
16.Bf4 Bd7 17.h3 Rfd8 18.Rab1 Be8 19.Be5 Nd7 20.Bg3 Nf8 21.Nc2 Rxd1+ 22.Qxd1 Rd8
23.Qe2 f6 24.b4 axb3 25.Rxb3 Qa7 26.Nb4 Qa4 27.Qb2 Bg6 28.Kh2 Rd1 29.Qe2 Ra1
30.Qd2 b6 31.Bd6 Qd7 32.Bxc5 Qxd2 33.Nxd2 bxc5 34.Nc6 Rxa2 35.Ne7+ Kf7 36.Nxg6 Rxd2
37.Nxf8 Kxf8 38.Rb8+ Kf7 39.Rc8 Rxf2 40.Rxc5 g5 41.h4 gxh4 42.Rh5 Kg6 43.Rxh4 h5
44.Rh3 Rc2 45.Rg3+ Kf5 46.Rf3+ Ke5 47.Re3+ Kd6 48.Rh3 Rxc4 49.Rxh5 f5 50.Kg3 Ke5
51.Kf2 Ke4 52.Rh4+ Kd3 53.Rh3+ Kd2 54.Rf3 Rd4 55.Kf1 f4 56.g3 fxg3 57.Rxg3 e5  1/2-1/2